000 00283nam a22001217a 4500
020 _a0-220-66281-3
082 _a651.3 WAL'O
100 _aWALLEY, B. H
_976322
245 _aOFFICE ADMINSITARTION HANDBOOK
260 _aLONDON
_bBUSINESS BOOKS
_c1975
300 _a470P
942 _cBK
999 _c581716
_d581716